000 00459pab a2200133 454500
008 180718b xxu||||| |||| 00| 0 eng d
100 _aKohno Masaru
245 _aThe politics of coalition building in Japan:the case of the Katayama Government formation in 1947
362 _a24(1), Jan 1994, p.148-58
650 _a Government and Politics -- Japan
650 _aCoalition Government -- Japan
773 _aBritish Journal of Political Science
909 _a27203
999 _c27203
_d27203